Lisa - When I'm With You (with Tyla) (Lyrics) - Statistics

General Stats
  • This quiz has been taken 14 times
  • The average score is 332 of 408
Answer Stats
Lyrics % Correct
a
100%
And
100%
and
100%
bad
100%
can
100%
do
100%
ever
100%
go
100%
I
100%
ı
100%
I'm
100%
it
100%
like
100%
Like
100%
make
100%
me,
100%
me
100%
my
100%
My
100%
my,
100%
on
100%
Tell
100%
tell
100%
the
100%
to
100%
wanna
100%
what
100%
When
100%
when
100%
with
100%
you
100%
you,
100%
You
100%
be
88%
But
88%
but
88%
can't
88%
Can't
88%
does,
88%
don't
88%
good
88%
Good
88%
how
88%
know
88%
of
88%
one
88%
out
88%
out,
88%
Said
88%
"Take
88%
take
88%
they
88%
told
88%
Told
88%
way
88%
we
88%
ain't
75%
All
75%
around,
75%
at
75%
back
75%
"Break
75%
dinner
75%
Everybody
75%
everybody
75%
figure
75%
for
75%
get
75%
got
75%
Got
75%
I'll
75%
jump,
75%
Look
75%
look
75%
Michelin
75%
mind
75%
need
75%
night
75%
now,
75%
rules"
75%
She
75%
she
75%
stick
75%
that,
75%
there
75%
together
75%
wants
75%
your
75%
your,
75%
any
63%
baddest
63%
been
63%
better
63%
'bout,
63%
'bout
63%
certified
63%
day,
63%
dealin'
63%
girl,
63%
just
63%
map
63%
nothing
63%
Oh,
63%
overseas
63%
put
63%
Quick
63%
Say
63%
scream
63%
screen
63%
seen
63%
sees,
63%
slow"
63%
so
63%
stay
63%
"Stay
63%
this
63%
trip,
63%
turn
63%
week
63%
whole
63%
window
63%
won't
63%
alone
50%
ass
50%
body
50%
dare,
50%
everybody's
50%
girls
50%
goes
50%
home"
50%
I'ma
50%
inside
50%
leave
50%
let
50%
mine
50%
must
50%
pride
50%
should
50%
Star's
50%
wait
50%
winner
50%
yeah,
50%
Anyways,
38%
composed
38%
control
38%
Elevate
38%
own
38%
plans
38%
space
38%
wild
38%
bed
25%
change
25%
never
25%
sat
25%
or
13%
Cou-cou-could've
0%
De-de-dealin',
0%
dnow
0%
Gi-gi-give
0%
oh-oh
0%
No matching quizzes found
Score Distribution
Percent of People with Each Score
Percentile by Number Answered
Your Score History
You have not taken this quiz